|
|
|
|
| LEADER |
00000cam a2200000 a 4500 |
| 001 |
vtls011991257 |
| 003 |
SK-MaSNL |
| 005 |
20260301053806.0 |
| 008 |
250311s1961 xo a f p 000 0 slo |
| 015 |
|
|
|a SNBA1961
|
| 020 |
|
|
|q (brožované)
|
| 035 |
|
|
|a urn:nbn:sk:snk-am00ff6z
|
| 035 |
|
|
|a urn:nbn:sk:snk-am3irle
|
| 035 |
|
|
|a 84433E37-5B39-4AB6-8EA5-B949CEAA1764
|
| 040 |
|
|
|a SNK
|b slo
|c SNK
|e AACR2
|
| 041 |
0 |
|
|a slo
|a rus
|
| 044 |
|
|
|a xo
|c SK
|
| 072 |
|
7 |
|a 811.161.1
|x Ruština
|2 konspekt
|
| 072 |
|
7 |
|a 37.016
|x Učebné osnovy. Vyučovacie predmety. Učebnice
|2 konspekt
|
| 080 |
|
|
|a 811.161.1
|2 2011
|
| 080 |
|
|
|a 37.091.33
|2 2011
|
| 080 |
|
|
|a (075)
|2 2011
|
| 245 |
0 |
0 |
|a Ruština
|b učebnica pre odborný kurz ĽKR
|
| 246 |
3 |
|
|a Ruština
|b učebnica pre odborný kurz Ľudových kurzov ruštiny
|
| 250 |
|
|
|a 1. vyd.
|
| 260 |
|
|
|a Bratislava
|b Osveta
|c 1961
|
| 300 |
|
|
|a 207 strán
|b ilustrácie, tabuľky
|c 21 cm
|
| 366 |
|
|
|e 20000 kusov
|
| 490 |
1 |
|
|a Slovenský výbor Sväzu československo-sovietskeho priateľstva
|
| 500 |
|
|
|a Prehľad niektorých niektorých skratiek používaných v odbornom texte na strane 165-166 ; prehľad najčastejších slovensko-ruských homoným na strane 167-[168] ; rusko-slovenský slovník na strane 169-[203] ; slovensko-ruský slovník na strane 204-[208] ; poznámky pod čiarou
|
| 546 |
|
|
|a Text slovensky, súbežne rusky
|
| 650 |
0 |
7 |
|a ruština
|2 SNKPH
|9 1346
|
| 650 |
0 |
7 |
|a kurzy
|2 SNKPH
|9 29103
|
| 655 |
|
7 |
|a učebnice
|2 SNKPH
|9 22521
|
| 830 |
|
0 |
|a Slovenský výbor Sväzu československo-sovietskeho priateľstva
|9 364801
|
| 852 |
|
|
|a Slovenská národná knižnica
|
| 958 |
|
|
|a TL
|
| 958 |
|
|
|a RK
|
| 958 |
|
|
|a OND
|
| 958 |
|
|
|a UC
|
| 999 |
|
|
|c 609261
|d 611191
|
| 952 |
|
|
|a SNK
|b SNK
|y PREZ
|7 0
|p 17A0874850
|o snkSC 16938
|i snkKSP 4301/62
|0 0
|1 0
|4 0
|d 2020-09-08
|f 1
|l 0
|r 2025-07-18 00:00:00
|w 2026-02-23
|